Регионална библиотека "Любен Каравелов" - Русе

Песни радио, кино и телевидения (Запис номер 351269)

MARC детайли
000 -Лидер
Контролно поле с фиксирана дължина ncm a22 a 4500
003 - Код на организацията, давaща контролен номер
Контролно поле BLK
005 - Дата и час на последна редакция
Контролно поле 20200408164754.0
008 - Елементи от данни с фиксирана дължина
fixed length control field 200403b bu ||||| |||| 00| 0 bu d
040 ## - Източник на каталожния запис
Идентификатор на билиотеката - собственик на записа BLK
041 ## - Код за език
Код за езика на текст/звукозапис или на отделно заглавие Български
Код за езика КДБФ Български
080 ## - УДК
Текстов определител УДК Вокална музика
УДК код - определител по УДК 784
УДК - код + определител 784
139 ## - Редно поле
Редна дума Песни радио, кино и телевидения
Авторски знак Пес - П 38
245 ## - Сведения за заглавието
Заглавие Песни радио, кино и телевидения
Том 38
260 ## - Област на издателските данни
9 (RLIN) 402764
Име на издателя, разпространителя и проч. Музыка
Година на издаване 1982
300 ## - Физическа характеристика
Страници 27 с,
Размери/Мащаб 28 см
380 ## - Жанр
Жанр Изкуство
490 ## - СЕРИИ (Колекции)
Име на серия 38
505 ## - Форматирана забележка
Авторската отговорност П. Аедоницков
Заглавие Нашей юнасти оркестр
505 ## - Форматирана забележка
Авторската отговорност И. Якушенко
Заглавие Песня о друзее
505 ## - Форматирана забележка
Авторската отговорност М. Блантера
Заглавие Моя любимая
505 ## - Форматирана забележка
Авторската отговорност Э. Колмановски
Заглавие Внуки
505 ## - Форматирана забележка
Авторската отговорност А. Изотова
Заглавие Зима
505 ## - Форматирана забележка
Авторската отговорност Р. Паулс
Заглавие Я тебя рисую
650 #7 - Допълнително описание по предмет – тема
9 (RLIN) 151225
Основно описание – тема или топоним Вокална музика
852 ## - Местоположение
Форматна сигнатура М II 9394
999 ## - СИСТЕМНИ КОНТРОЛНИ НОМЕРА
Koha biblionumber 351269
Koha biblioitemnumber 351269
942 ## - АРТИКУЛИ
Вид на библиотечния материал Нотни издания
Скрит в OPAC Не
Периодичен библиозапис Да
944 ## - СЪЗДАВАНЕ И РЕДАКЦИЯ на ЗАПИСА
Създаване/Редакция Създаване
Дата на регистрацията/редакция 2020-04-03
Служител, извършил регистрацията/редакцията К.Д.
999 ## - СИСТЕМНИ КОНТРОЛНИ НОМЕРА
Koha biblioitemnumber 351269
999 ## - СИСТЕМНИ КОНТРОЛНИ НОМЕРА
Koha biblioitemnumber 351269
999 ## - СИСТЕМНИ КОНТРОЛНИ НОМЕРА
Koha biblioitemnumber 351257
999 ## - СИСТЕМНИ КОНТРОЛНИ НОМЕРА
Koha biblioitemnumber 351257
999 ## - СИСТЕМНИ КОНТРОЛНИ НОМЕРА
Koha biblioitemnumber 351257
Наличности
Код за отписване Код за изгубен артикул Източник на класификационната схема Код за повреда Коз за рестрикции Код за отдаване Артикулен № Име на библиотеката - собственик Име на библиотеката, в която се намира в момента Статус (Текущо местоположение) Дата на вписване в системата Местоположение - отдел Цена в лева Инвентарен номер Систематично азбучна сигнатура Баркод Цена в евро Служебен тип на артикула
  Не е изгубен Universal Decimal Classification Не е повреден без рестрикции заемане за дома 759184 Регионална библиотека "Любен Каравелов" Русе Регионална библиотека "Любен Каравелов" Русе Отдел Изкуство - подръчен фонд 2020-04-07 Отдел Изкуство - подръчен фонд 0.28 413136 784/П 38 120000413136 0.14 Нотни издания
  Не е изгубен Universal Decimal Classification Не е повреден само за читалня ползва се в читалня 778046 Регионална библиотека "Любен Каравелов" Русе Регионална библиотека "Любен Каравелов" Русе Хранилище 2020-06-23 Хранилище 0.28 413137 Цб М II 9394 900000019527 0.14 Нотни издания
Vip Innovations Ltd, Rousse, Bulgaria 2025